000 01254cam a2200385 a 4500
001 2331
003 FISKH
005 20250709154057.0
008 991015s2000 nyua b 000 1 eng
010 _a 99054072
020 _a067989067X
020 _a0679990674 (lib. bdg.)
020 _a9780439227810
040 _aDLC
_cDLC
_dDLC
_beng
042 _alcac
050 0 0 _aPZ7.O81167
_bCi 2000
082 0 0 _a813.54
_221
100 1 _aOsborne, Mary Pope
245 1 0 _aCivil War on Sunday /
_cby Mary Pope Osborne ; illustrated by Sal Murdocca
260 _aNew York :
_bScholastic,
_c2000
300 _a73 pages :
_billustrations ;
_c20 cm
490 1 _aMagic tree house ;
_vBook 21
505 _aN
520 _aJack and Annie are transported by their magic tree house to the time of the Civil War where they meet Clara Barton.
521 8 _a580
_bLexile
521 8 _aN
_bRaz-Plus
600 1 1 _aBarton, Clara
_d1821-1912
_vFiction.
650 1 _aTime travel
_vFiction.
650 1 _aMagic
_vFiction.
650 1 _aTree houses
_vFiction.
651 1 _aUnited States
_xHistory
_yCivil War, 1861-1865
_vFiction.
700 1 _aMurdocca, Sal
_eillustrator
906 _a7
_bcbc
_corignew
_d1
_eocip
_f19
_gy-gencatlg
942 _2ddc
_cBK
_n0
999 _c2331
_d2331